00735pam a2200241 a 4500001000800000005001700008008004100025010001700066020001500083040002300098041000800121060002300129080001300152082001700165100000600182101000800188245004700196504006400243906004500307942001200352999001700364952011200381214295220180220093102.0980630s1999 paua bf 001 0 eng c a 98029289  a0943126754 aDNLM/DLCcDLCdDLC aeng10aWB 102bG878m 1998 a616 GRO00a616 GRO2211 a4 aSHM10aMaking medical decisions :cRichard Gross. aIncludes bibliographical references (p. 113-114) and index. a7bcbccorignewd1eocipf19gy-gencatlg 2ddccBK c42955d42955 00102udc40708PËKGa002b002cPËKGd2018-02-20l0o616 GROp002-2998287r2018-02-20w2018-02-20yBK